| 000 | 00910nam a2200217 a 4500 | ||
|---|---|---|---|
| 001 | 000036920 | ||
| 005 | 20200930080025.0 | ||
| 008 | 120206s1972 mx 000 0 spa d | ||
| 040 |
_aDO-SdBNP _bspa _cBNPHU |
||
| 082 |
_axxxx _bxxxx |
||
| 100 | 1 |
_aFinney, Harry Anson, _d1886-1966 _q(Harry Anson) _963318 |
|
| 245 | 1 | 0 |
_aCurso de contabilidad : _bintroducción / _cpor H. A. Finney ... y Herbert E. Miller ; traducción al español de la 5a. ed. en inglés por Julián Vásquez Prada. |
| 250 | _a3a. ed. | ||
| 260 |
_aMéxico : _bUnión Tip. Ed. Hispano Americana, _c1972. |
||
| 300 |
_av. : ; _c22 cm. |
||
| 490 | 1 |
_aBiblioteca Uthea de contabilidad superior ; _bv. 1-2 |
|
| 505 | 2 |
_gv. 2 _trespuestas a las preguntas y soluciones a los problemas |
|
| 700 | 1 |
_aMiller, Herbert E. _948839 |
|
| 700 | 1 |
_aVázquez Prada, Julián _etr. _963319 |
|
| 830 | 0 |
_aBiblioteca Uthea de contabilidad superior ; _vv. 1-2 _963320 |
|
| 999 |
_c36410 _d36410 |
||